| 000 | 00451nam a2200169 a 4500 | ||
|---|---|---|---|
| 001 | 000023819 | ||
| 005 | 20200930022505.0 | ||
| 008 | 110113s1997 ve ac r 000 0 spa d | ||
| 020 | _a9806432002 | ||
| 040 |
_aDO-SdBNP _bspa _cBNPHU |
||
| 082 |
_annnn _bF811m |
||
| 100 | 1 |
_aFraga, Carlos, _949028 |
|
| 245 | 1 | 3 |
_aEl mapa del tesoro / _cCarlos Fraga. |
| 260 |
_aCaracas : _bUrania, _c1997. |
||
| 300 |
_a85 p. : _bil., retrs. ; _c22 cm. |
||
| 049 | _aBNGR | ||
| 999 |
_c23315 _d23315 |
||